Psicología de las diferencias humanas

Guardat en:
Dades bibliogràfiques
Autor principal: Tyler, Leona E (Autor)
Format: Llibre
Idioma:espanyol
Publicat: Madrid Marova 1978
Edició:3a. ed
Col·lecció:Biblioteca Marova de estudios del hombre
Matèries:
Etiquetes: Afegir etiqueta
Sense etiquetes, Sigues el primer a etiquetar aquest registre!

MARC

LEADER 00000nam a2200000 a 4500
001 UCY6121
003 CL-VaPUC
008 950521e19780000SP |||||||||||||||||spa|d
082 0 4 |a 155  |b TYL  |2 21 
100 0 |a Tyler, Leona E  |e author  |9 335821 
245 1 0 |a Psicología de las diferencias humanas 
250 |a 3a. ed 
300 |a 558 p 
942 |c BK 
945 |d 19950521 00:00:00  |a cmena 
260 |a Madrid  |b Marova  |c 1978 
650 0 |a Psicología   |9 257863 
650 0 |a Comportamiento   |9 308406 
650 0 |a Psicología individual  |9 309049 
650 7 |a INVESTIGACION PSICOLOGICA  |2 CL-VaPUC  |9 309030 
650 0 |a Filosofía del espíritu  |9 320175 
650 7 |a HISTORIA DE LA PSICOLOGIA  |2 CL-VaPUC  |9 335822 
650 0 |a Naturaleza humana   |9 308593 
650 7 |a PSICOLOGIA EXPERIMENTAL  |2 CL-VaPUC  |9 309015 
650 7 |a TECNICAS DE INVESTIGACION  |2 CL-VaPUC  |9 335823 
650 0 |a Inteligencia  |9 267038 
650 0 |a Pruebas de inteligencia  |9 307461 
650 0 |a Aprendizaje   |9 254827 
650 7 |a RENDIMIENTO  |2 CL-VaPUC  |9 260872 
650 0 |a Personalidad   |9 307255 
650 0 |a Cognición   |9 270347 
650 7 |a COMPORTAMIENTO DE GRUPO  |2 CL-VaPUC  |9 335588 
650 0 |a Psicología social   |9 222894 
650 0 |a Minusválidos mentales  |9 311830 
650 0 |a Clases sociales  |9 256858 
650 7 |a ESTRUCTURA SOCIAL  |2 CL-VaPUC  |9 335824 
650 7 |a GENIOS  |2 CL-VaPUC  |9 335825 
650 0 |a Alumnos dotados  |9 335826 
650 7 |a PSICOLOGIA GENETICA  |2 CL-VaPUC  |9 308771 
583 |a last modification  |c 19950521 00:00:00  |k Rodrigo Vera 
490 0 |a Biblioteca Marova de estudios del hombre 
999 |c 233704  |d 233702 
952 |0 0  |1 0  |4 0  |6 155_000000000000000_TYL_1978  |7 0  |8 P  |9 239397  |a BIBEDU  |b BIBEDU  |c BIBEDU_PB  |d 2019-11-18  |i 1504304  |o 155 TYL 1978  |p 1504304  |r 2024-01-25  |w 2019-11-18  |y BK  |k EDU